Super Street Fighter II Characters Quiz - Statistics

General Stats
  • This quiz has been taken 334 times
  • The average score is 21 of 29
Answer Stats
Answer % Correct
Ken
96%
Ryu
96%
M. Bison
91%
Chun Li
89%
Japan
84%
USA
84%
Vega
84%
Blanka
83%
China
83%
E. Honda
83%
Guile
80%
Zangief
80%
Dhalsim
79%
Balrog
78%
Brazil
76%
India
76%
USSR
73%
Sagat
71%
Spain
70%
Thailand
68%
Cammy
67%
Akuma
58%
Mexico
53%
Deejay
52%
England
49%
T. Hawk
49%
Fei Long
46%
Jamaica
45%
Hong Kong
39%
No matching quizzes found
Score Distribution
Percent of People with Each Score
Percentile by Number Answered
Your Score History
You have not taken this quiz